Desarrollo socioeconómico y evolución demográfica: perspectivas para América Latina

Tallennettuna:
Bibliografiset tiedot
Päätekijät: D'Entremont, Albán (Tekijä), Pérez Adán, José (Tekijä)
Aineistotyyppi: Kirja
Kieli:espanja
Julkaistu: Pamplona EUNSA 1999
Sarja:Colección Geografía
Aiheet:
Tagit: Lisää tagi
Ei tageja, Lisää ensimmäinen tagi!

MARC

LEADER 00000nam a2200000 a 4500
001 UCO7679
003 CL-VaPUC
008 001117e19990000SP |||||||||||||||||spa|d
082 0 4 |a 304.6  |b DEN  |2 21 
100 0 |a D'Entremont, Albán  |e author  |9 452331 
700 0 |a Pérez Adán, José  |e author  |9 452332 
245 1 0 |a Desarrollo socioeconómico y evolución demográfica: perspectivas para América Latina 
300 |a 283 p 
942 |c BK 
945 |d 20001117 00:00:00  |a rbrito 
260 |a Pamplona  |b EUNSA  |c 1999 
650 0 |a Demografía   |9 260008 
650 0 |a Población  |9 257577 
650 0 |a Urbanización   |9 265706 
650 0 |a Derechos humanos  |9 223025 
650 0 |a Desarrollo económico  |9 259599 
650 0 |a Geopolítica  |9 313921 
583 |a last modification  |c 20001117 00:00:00  |k Rodrigo Vera 
490 0 |a Colección Geografía 
999 |c 292564  |d 292562 
952 |0 0  |1 0  |4 0  |6 304_600000000000000_DEN_1999  |7 0  |8 A  |9 343501  |a BIBHIS  |b BIBHIS  |d 2019-11-20  |i 3652416  |o 304.6 DEN 1999  |p 3652416  |r 2025-01-20  |w 2019-11-20  |y BK  |k HIS